Los miserables / (Registro nro. 7505)

Detalles MARC
000 -LIDER
fixed length control field 00991nam a2200313 a 4500
001 - NÚMERO DE CONTROL
Identificador de número de control 000008202
003 - IDENTIFICACDOR DE NÚMERO DE CONTROL
control field DO-SdBNP
005 - DATE AND TIME OF LATEST TRANSACTION
control field 20230504093129.0
007 - CAMPOS FIJOS DE DESCRIPCIÓN FÍSICA
fixed length control field 000008202
008 - ELEMENTOS DE LONGITUD FIJA
fixed length control field 090915s1999 sp 001 f spa d
020 ## - ISBN
International Standard Book Number 8481301280 (v.1)
020 ## - ISBN
International Standard Book Number 8481301299 (v.2)
040 ## - FUENTE DE CATALOGACIÓN
Agencia que crea de manera original el registro BPMSU
Idioma de catalogación spa
Agencia que realiza la transcripción BPMSU
082 #4 - NÚMERO DE CLASIFICACIÓN DECIMAL DE DEWEY
Classification number 843.78
Item number H895mi 1999
Edition number 22
100 1# - ASIENTO PRINCIPAL -- NOMBRE PERSONAL
Nombre personal Hugo, Víctor,
Fechas asociadas con el nombre 1802-1885
245 14 - MENCIÓN DE TITULO
Título Los miserables /
Mención de responsabilidad Víctor Hugo ; prólogo Juana Salambert; traducción de Aurora Alemany.
260 ## - PUBLICACIÓN, DISTRIBUCIÓN, ETC. (PIE DE IMPRENTA)
Lugar de publicación, distribución, etc Madrid :
Nombre del editor, distribuidor, etc. Milenium,
Fecha de publicación, distribución, etc 1999
300 ## - DESCRIPCIÓN FÍSICA
Extensión 2 v. ;
Dimensiones 21 cm.
490 0# - MENCIÓN DE SERIES
Mención de serie Joyas del milenio,
Volume/sequential designation 17
534 ## - NOTA SOBRE LA VERSIÓN ORIGINAL
Frase introductoria : Les misérables
Publicación, distribución, etc. del original Barcelona : Bibliotex, 2000.
590 ## - NOTA LOCAL
Enlace Inventariado, 2023/VM
650 #4 - ENCABEZAMIENTO DE MATERIA--TEMÁTICO
Término temático o nombre geográfico como elemento de entrada Novela francesa
650 #4 - ENCABEZAMIENTO DE MATERIA--TEMÁTICO
Término temático o nombre geográfico como elemento de entrada Problemas sociales
Subdivisión geográfica Francia
Subdivisión de forma Novela.
650 #4 - ENCABEZAMIENTO DE MATERIA--TEMÁTICO
Término temático o nombre geográfico como elemento de entrada Justicia social
Subdivisión geográfica Francia
Subdivisión de forma Novela
700 1# - ASIENTO SECUNDARIO -- NOMBRE PERSONAL
Nombre personal Alemany, Aurora,
Mención de responsabilidad tr.
700 1# - ASIENTO SECUNDARIO -- NOMBRE PERSONAL
Nombre personal Salambert, Juana
Mención de responsabilidad pról.
910 ## - VALIDACIÓN
Validación VMateo V. Control de calidad (BPMSU)
942 ## - ADDED ENTRY ELEMENTS (KOHA)
Source of classification or shelving scheme Dewey Decimal Classification
Koha item type Libros
Existencias
Withdrawn status Lost status Source of classification or shelving scheme Damaged status Not for loan Collection code Home library Current library Date acquired Source of acquisition Full call number Barcode Date last seen Copy number Price effective from Koha item type
    Dewey Decimal Classification     Colección Juvenil General Biblioteca Pública Metropolitana Salomé Ureña Biblioteca Pública Metropolitana Salomé Ureña 02/25/2015 FUNDI BPUMSU CG 843.78 H895mi 1999 BPMSU15040168 02/25/2015 v.1 02/25/2015 Libros
    Dewey Decimal Classification     Colección Juvenil General Biblioteca Pública Metropolitana Salomé Ureña Biblioteca Pública Metropolitana Salomé Ureña 02/25/2015 FUNDI BPUMSU CG 843.78 H895mi 1999 BPMSU15040169 02/25/2015 v.2 02/25/2015 Libros